000 00457nam a2200181Ia 4500
005 20240823015218.0
008 240823s9999||||xx |||||||||||||| ||und||
041 _aENGLISH
082 _A658.1
100 _aRao M S
245 0 _aEngineering Organisation and Construction Management
250 _a1st
260 _bDhanpat Rai &
_aDelhi
500 _aYES
650 _aComputer Organisation
_bInformation Technology
942 _cBK
999 _c171894
_d171894